00897nam a2200181 a 450000100060000000300090000600800410001502000150005604000280007108200160009910000680011524500190018326000300020230000110023249000290024350504260027265000170069815182CO-ViMGA141112s2004 ck r 000 u spa d a9589400523 aCO-ViMGAbspacCO-ViMGA04a617.7 A715f1 aArango S., Kevin; Mejia E., Luis Fernando; Abad L., Juan Carlos10aOftalmología aMedellín, cCib, c2001 a386.p. aFundamentos de cirugía aExamen del paciente oftalmológico Diagnóstico imaginológico en oftalmología Enfoque del paciente oftalmológico Enfermedades sistemicas Trauma ocular Córnea y enfermedades externas Optica y Cirugía refractiva Cristalino Glaucoma Tracto Uveal Párpados y sistema lagrimal Orbita Oncología ocular Retina y vítreo Oftalmopediatría Estrabismo Neuro - oftalmología Guía de medicamentos oftalmológicos14aOFTALMOLOGIA